Simulácia pohybu a interakcia 3D modelov na 3D scéne

Gespeichert in:
Bibliographische Detailangaben
1. Verfasser: Šatka, Tomáš, 1987- (Verfasst von)
Weitere Verfasser: Stuchlíková, Ľubica, 1967- (Betreuung Doktorarbeit)
Format: Manuskript Buch
Sprache:Slowakisch
Veröffentlicht: Bratislava : STU v Bratislave FEI, 2012
Schlagworte:
Online-Zugang:VAIS
Tags: Tag hinzufügen
Keine Tags, Fügen Sie das erste Tag hinzu!

MARC

LEADER 00000ntm a22000003a 4500
001 stu252141
005 20150617230228.4
008 120720s2012----xo------------------slo-d
040 |a STU  |b slo 
041 0 |a slo 
044 |a xo 
100 1 |a Šatka, Tomáš,  |d 1987-  |4 aut  |u E  |T FEI Fakulta elektrotechniky a informatiky  |X 35693  |U E  |Y 30  |7 A000035693 
242 0 0 |a Simulation of the movement and the interaction of 3D models in 3D scene  |y eng 
245 1 |a Simulácia pohybu a interakcia 3D modelov na 3D scéne 
260 |a Bratislava :  |b STU v Bratislave FEI,  |c 2012 
300 |a 50 s  |c CD-ROOM 
650 7 |a Applied Infromatics  |2 estusub 
650 7 |a e-learning  |2 estusub 
700 1 |a Stuchlíková, Ľubica,  |d 1967-  |4 ths  |u E030  |U FEI Fakulta elektrotechniky a informatiky  |T FEI Ústav elektroniky a fotoniky  |X 1997  |U E030  |Y 549  |7 A000001997 
856 4 |a info a plný text  |u http://is.stuba.sk/zp/portal_zp.pl?podrobnosti=82127  |3 VAIS 
996 |b 284EP10296  |c E*DIPL-10296  |l EE23  |s P  |a 0  |w stu252141_0001